000 00308nam a2200109 4500
999 _c9516
_d9516
008 180706b ||||| |||| 00| 0 eng d
245 _aNew police chiefs named in 5 metro manila cities.
260 _aPhilippines
_bThe Philippine Star
_cc2017
300 _apage 5.
650 0 _928284
_aPolice.
942 _2ddc
_cPER